000 00473nam a2200181Ia 4500
001 20231
005 20260306172751.0
008 260306t2015||||xx |||||||||||||| ||spa||
041 _aESP
082 _a343
_bR84
100 _aRosas Alcántara, Joel
_eAUT
245 0 _aEl Derecho constitucional y Procesal Constitucional en sus Conceptos Claves
260 _c2015
300 _a574 páginas :
_c25 cm.
650 _aGEN
654 _aCDE
942 _cLIB
_dJUS
_fJUS
_2ddc
_n
999 _c20231
_d20231